000 00260nam a2200109 a 4500
005 20140414132109.0
008 110115s19uu xx 00 eng d
050 _aER
_bC61 1996
100 _aDenega, Daniel
245 _aClifford takes a trip.
999 _c114693
_d114693